European Settlements In The Indian Subcontinent - Statistics

General Stats
  • This quiz has been taken 22 times
  • The average score is 6 of 30
Answers on the Map
Answers color-coded by a green-red scale on the quiz's map according to % correct below.
 
Answer Stats
Country Answer % Correct
England Bombay
86%
England Calcutta
77%
Portugal Goa
77%
Netherlands Colombo
68%
France Pondicherry
59%
England Madras
45%
England Surat
45%
Netherlands Cochin
36%
Portugal Daman
27%
Portugal Diu
27%
Portugal Calicut
18%
England Vizagapatam
18%
France Mahe
14%
Netherlands Galle
9%
Netherlands Jaffna
9%
France Chandernagar
5%
France Karikal
5%
Netherlands Masulipatam
5%
Denmark Tranquebar
5%
France Trincomale
5%
France Yanam
5%
Portugal Bassain
0%
Portugal Cannanore
0%
Netherlands Chinsura
0%
England Hughli
0%
Netherlands Matara
0%
Netherlands Nagapatam
0%
Netherlands Pulicat
0%
England Sadras
0%
Netherlands Serampore
0%
No matching quizzes found
Score Distribution
Percent of People with Each Score
Percentile by Number Answered
Your Score History
You have not taken this quiz